<?xml version="1.0" encoding="UTF-8"?><marc:collection xmlns:marc="http://www.loc.gov/MARC21/slim">
  <marc:record>
    <marc:leader>02666nas a2200493 c 4500</marc:leader>
    <marc:controlfield tag="001">01000548X</marc:controlfield>
    <marc:controlfield tag="003">DE-101</marc:controlfield>
    <marc:controlfield tag="005">20241113213245.0</marc:controlfield>
    <marc:controlfield tag="007">tu</marc:controlfield>
    <marc:controlfield tag="008">991118d18591925no u||m|  ||| 0||||1nor c</marc:controlfield>
    <marc:datafield tag="016" ind1="7" ind2=" ">
      <marc:subfield code="2">DE-600</marc:subfield>
      <marc:subfield code="a">952030-2</marc:subfield>
    </marc:datafield>
    <marc:datafield tag="016" ind1="7" ind2=" ">
      <marc:subfield code="2">DE-101</marc:subfield>
      <marc:subfield code="a">01000548X</marc:subfield>
    </marc:datafield>
    <marc:datafield tag="022" ind1=" " ind2=" ">
      <marc:subfield code="a">0332-6683</marc:subfield>
    </marc:datafield>
    <marc:datafield tag="035" ind1=" " ind2=" ">
      <marc:subfield code="a">(DE-599)ZDB952030-2</marc:subfield>
    </marc:datafield>
    <marc:datafield tag="035" ind1=" " ind2=" ">
      <marc:subfield code="a">(OCoLC)1367288684</marc:subfield>
    </marc:datafield>
    <marc:datafield tag="040" ind1=" " ind2=" ">
      <marc:subfield code="a">9001</marc:subfield>
      <marc:subfield code="b">ger</marc:subfield>
      <marc:subfield code="c">DE-101</marc:subfield>
      <marc:subfield code="d">9999</marc:subfield>
    </marc:datafield>
    <marc:datafield tag="041" ind1=" " ind2=" ">
      <marc:subfield code="a">nor</marc:subfield>
    </marc:datafield>
    <marc:datafield tag="042" ind1=" " ind2=" ">
      <marc:subfield code="a">zdb</marc:subfield>
    </marc:datafield>
    <marc:datafield tag="044" ind1=" " ind2=" ">
      <marc:subfield code="c">XA-NO</marc:subfield>
    </marc:datafield>
    <marc:datafield tag="082" ind1="7" ind2="4">
      <marc:subfield code="a">000</marc:subfield>
      <marc:subfield code="a">500</marc:subfield>
      <marc:subfield code="a">400</marc:subfield>
      <marc:subfield code="q">DE-600</marc:subfield>
      <marc:subfield code="2">22sdnb</marc:subfield>
    </marc:datafield>
    <marc:datafield tag="084" ind1=" " ind2=" ">
      <marc:subfield code="a">25</marc:subfield>
      <marc:subfield code="2">ssgn</marc:subfield>
    </marc:datafield>
    <marc:datafield tag="084" ind1=" " ind2=" ">
      <marc:subfield code="a">LING</marc:subfield>
      <marc:subfield code="q">DE-30</marc:subfield>
      <marc:subfield code="2">fid</marc:subfield>
    </marc:datafield>
    <marc:datafield tag="084" ind1=" " ind2=" ">
      <marc:subfield code="a">AX 25110</marc:subfield>
      <marc:subfield code="2">rvk</marc:subfield>
    </marc:datafield>
    <marc:datafield tag="110" ind1="2" ind2=" ">
      <marc:subfield code="0">(DE-588)36491-5</marc:subfield>
      <marc:subfield code="0">https://d-nb.info/gnd/36491-5</marc:subfield>
      <marc:subfield code="0">(DE-101)000364916</marc:subfield>
      <marc:subfield code="a">Videnskapsselskapet</marc:subfield>
      <marc:subfield code="g">Kristiania</marc:subfield>
      <marc:subfield code="e">Verfasser</marc:subfield>
      <marc:subfield code="4">aut</marc:subfield>
      <marc:subfield code="2">gnd</marc:subfield>
    </marc:datafield>
    <marc:datafield tag="245" ind1="1" ind2="0">
      <marc:subfield code="a">Forhandlinger i Videnskapsselskapet i Kristiania</marc:subfield>
    </marc:datafield>
    <marc:datafield tag="247" ind1="0" ind2="0">
      <marc:subfield code="a">Forhandlinger i Videnskabs-Selskabet i Christiania</marc:subfield>
      <marc:subfield code="f">Hauptsacht. teils</marc:subfield>
    </marc:datafield>
    <marc:datafield tag="247" ind1="0" ind2="0">
      <marc:subfield code="a">Christiana Videnskabs-Selskabs Forhandlinger</marc:subfield>
      <marc:subfield code="f">Hauptsacht. teils</marc:subfield>
    </marc:datafield>
    <marc:datafield tag="247" ind1="0" ind2="0">
      <marc:subfield code="a">Videnskapsselskapets forhandlinger</marc:subfield>
      <marc:subfield code="f">Hauptsacht. teils</marc:subfield>
    </marc:datafield>
    <marc:datafield tag="247" ind1="0" ind2="0">
      <marc:subfield code="a">Kristiania Videnskapsselskaps forhandlinger</marc:subfield>
      <marc:subfield code="f">Hauptsacht. teils</marc:subfield>
    </marc:datafield>
    <marc:datafield tag="264" ind1="3" ind2="1">
      <marc:subfield code="a">Kristiania</marc:subfield>
      <marc:subfield code="b">Dybwad</marc:subfield>
      <marc:subfield code="c">1859-1925</marc:subfield>
    </marc:datafield>
    <marc:datafield tag="264" ind1="2" ind2="1">
      <marc:subfield code="3">-1910</marc:subfield>
      <marc:subfield code="a">Christiania</marc:subfield>
      <marc:subfield code="b">[Verlag nicht ermittelbar]</marc:subfield>
    </marc:datafield>
    <marc:datafield tag="336" ind1=" " ind2=" ">
      <marc:subfield code="a">Text</marc:subfield>
      <marc:subfield code="b">txt</marc:subfield>
      <marc:subfield code="2">rdacontent</marc:subfield>
    </marc:datafield>
    <marc:datafield tag="337" ind1=" " ind2=" ">
      <marc:subfield code="a">ohne Hilfsmittel zu benutzen</marc:subfield>
      <marc:subfield code="b">n</marc:subfield>
      <marc:subfield code="2">rdamedia</marc:subfield>
    </marc:datafield>
    <marc:datafield tag="338" ind1=" " ind2=" ">
      <marc:subfield code="a">Band</marc:subfield>
      <marc:subfield code="b">nc</marc:subfield>
      <marc:subfield code="2">rdacarrier</marc:subfield>
    </marc:datafield>
    <marc:datafield tag="362" ind1="0" ind2=" ">
      <marc:subfield code="a">1858(1859) - 1924(1925)</marc:subfield>
    </marc:datafield>
    <marc:datafield tag="363" ind1="0" ind2="0">
      <marc:subfield code="8">1.1\x</marc:subfield>
      <marc:subfield code="i">1858</marc:subfield>
    </marc:datafield>
    <marc:datafield tag="363" ind1="1" ind2="0">
      <marc:subfield code="8">1.2\x</marc:subfield>
      <marc:subfield code="i">1924</marc:subfield>
    </marc:datafield>
    <marc:datafield tag="655" ind1=" " ind2="7">
      <marc:subfield code="0">(DE-588)4179998-7</marc:subfield>
      <marc:subfield code="0">https://d-nb.info/gnd/4179998-7</marc:subfield>
      <marc:subfield code="0">(DE-101)041799984</marc:subfield>
      <marc:subfield code="a">Monografische Reihe</marc:subfield>
      <marc:subfield code="2">gnd-content</marc:subfield>
    </marc:datafield>
    <marc:datafield tag="770" ind1="0" ind2="8">
      <marc:subfield code="i">Supplement</marc:subfield>
      <marc:subfield code="n">1868 - 1875 darin, dann Beil.</marc:subfield>
      <marc:subfield code="a">Videnskapsselskapet &lt;Kristiania&gt;</marc:subfield>
      <marc:subfield code="t">Oversigt over Videnskapsselskapets Møter</marc:subfield>
      <marc:subfield code="d">Oslo : [Verlag nicht ermittelbar], 1868-1925</marc:subfield>
      <marc:subfield code="w">(DE-600)341187-4</marc:subfield>
      <marc:subfield code="w">(DE-101)011973692</marc:subfield>
    </marc:datafield>
    <marc:datafield tag="770" ind1="0" ind2="8">
      <marc:subfield code="i">Supplement</marc:subfield>
      <marc:subfield code="t">Tordenvejr i Norge i ...</marc:subfield>
      <marc:subfield code="d">Christiania : [Verlag nicht ermittelbar], 1867-1871</marc:subfield>
      <marc:subfield code="w">(DE-600)2417170-0</marc:subfield>
      <marc:subfield code="w">(DE-101)988016648</marc:subfield>
    </marc:datafield>
    <marc:datafield tag="785" ind1="0" ind2="0">
      <marc:subfield code="i">Forts.:</marc:subfield>
      <marc:subfield code="a">&#152;Det&#156; Norske Videnskaps-Akademi &lt;Oslo&gt; / Matematisk-Naturvidenskapelig Klasse</marc:subfield>
      <marc:subfield code="t">Avhandlinger / Norske Videnskaps-Akademi, Matematisk-Naturvidenskapelig Klasse</marc:subfield>
      <marc:subfield code="d">Oslo : Dybwad [in Komm.], 1925-</marc:subfield>
      <marc:subfield code="x">0549-7019</marc:subfield>
      <marc:subfield code="w">(DE-600)211876-2</marc:subfield>
      <marc:subfield code="w">(DE-101)011231645</marc:subfield>
    </marc:datafield>
    <marc:datafield tag="785" ind1="0" ind2="0">
      <marc:subfield code="i">Forts.:</marc:subfield>
      <marc:subfield code="a">&#152;Det&#156; Norske Videnskaps-Akademi &lt;Oslo&gt; / Historisk-Filosofisk Klasse</marc:subfield>
      <marc:subfield code="t">Avhandlinger / Norske Videnskaps-Akademi, Historisk-Filosofisk Klasse</marc:subfield>
      <marc:subfield code="d">Oslo : Dybwad [in Komm.], 1925-1994</marc:subfield>
      <marc:subfield code="x">0029-2311</marc:subfield>
      <marc:subfield code="w">(DE-600)213219-9</marc:subfield>
      <marc:subfield code="w">(DE-101)011242205</marc:subfield>
    </marc:datafield>
    <marc:datafield tag="787" ind1="0" ind2="8">
      <marc:subfield code="i">Sonderdr. aus 1922,1=1; Sonderdr. aus 1923,4=2; Sonderdr. aus 1923,5=3; Sonderdr. aus 1924,1=4; Sonderdr. aus 1924,3=5 von</marc:subfield>
      <marc:subfield code="t">Opuscula phonetica</marc:subfield>
      <marc:subfield code="d">Oslo : Brøgger, 1923-1948</marc:subfield>
      <marc:subfield code="w">(DE-600)2195395-8</marc:subfield>
      <marc:subfield code="w">(DE-101)975655272</marc:subfield>
    </marc:datafield>
    <marc:datafield tag="850" ind1=" " ind2=" ">
      <marc:subfield code="a">DE-101a</marc:subfield>
    </marc:datafield>
  </marc:record>
</marc:collection>
